Programming and Problem Solving With Python: (Record no. 184116)

MARC details
000 -LEADER
fixed length control field 00647nam a22001937a 4500
005 - DATE AND TIME OF LATEST TRANSACTION
control field 20220121143338.0
010 ## - LCCN (DPL NO)
LC control number ENG-131093
020 ## - INTERNATIONAL STANDARD BOOK NUMBER
International Standard Book Number 978-93-90113-02-6
Terms of availability 479.00
035 ## - SYSTEM CONTROL NUMBER
System control number EN-114625
037 ## - SOURCE OF ACQUISITION
Source of stock number/acquisition DBAD
082 ## - DEWEY DECIMAL CLASSIFICATION NUMBER
Classification number 005.133
100 ## - MAIN ENTRY--PERSONAL NAME
Personal name Kamthane, Ashok Namdev
245 ## - TITLE STATEMENT
Title Programming and Problem Solving With Python:
Statement of responsibility, etc Ashok Namdev Kamthane, Amit Ashok Kamthane
250 ## - EDITION STATEMENT
Edition statement 2nd Edition
260 ## - PUBLICATION, DISTRIBUTION, ETC. (IMPRINT)
Place of publication, distribution, etc Chennai
Name of publisher, distributor, etc McGraw Hill Education Private Limited
Date of publication, distribution, etc 2022
270 ## - ADDRESS
City Chennai`
Address Anjana Complex No. 5/90 A, Butt Road, St Thomas Mount
Postal code 600016
300 ## - PHYSICAL DESCRIPTION
Extent 512p.
Dimensions 24cm(pbk)
942 ## - ADDED ENTRY ELEMENTS (KOHA)
Source of classification or shelving scheme Dewey Decimal Classification
Item type English Books
Classification part 005.133
Call number suffix KAM
Holdings
Withdrawn status Lost status Not for loan Collection code Home library Current library Date acquired Source of acquisition Cost, normal purchase price Full call number Barcode Copy number Cost, replacement price Koha item type
      Non-fiction Patel Nagar Patel Nagar 13/01/2022 DBAD/PUB 479.00 005.133 KAM EN-114625 1 479.00 English Books

© Delhi Public Library
Hit Counter
free hit counter